000 01201cas a2200265 4500
001 L153744
008 110824c2010 eng u
035 _a(Sirsi) u153744
041 0 _aeng
050 _a333.33 $2 18
110 2 _aStrutt & Parker
_92509
245 0 0 _aBusiness park index
_h[electronic resource]
260 _aLondon
_bStrutt and Parker
_aLondon
_bIPD
_c 2010
362 0 _aCurrent year only
490 0 _aStrutt & Parker Business Park Index
_vAutumn 2010-
520 _aForemost annual analysis of the UK business park sector. Provides an introduction, market commentary and background information. Covers sector performance, portfolios and investment, income and occupancy, and the economic context sector.
554 _aOne per year
650 2 4 _aSTRUTT & PARKER BUSINESS PARK INDEX
651 4 _aUnited Kingdom
_y
690 _aPROPERTY-COMMERCIAL PROPERTY-COMMERCIAL PROPERTY FINANCE AND INVESTMENT
690 _aPROPERTY-COMMERCIAL PROPERTY-COMMERCIAL PROPERTY MARKET
710 2 _aInvestment Property Databank
_92288
856 4 0 _uhttps://www.struttandparker.com/publications-and-research
_zView the report free of charge at www.struttandparker.com
942 _n0
999 _c119358
_d119358